Fajčiť zakázané!

Bibliographic Details
Main Authors: Hanus, Martin, 1977- (Author), Čobejová, Eva, 1965- (Author)
Format: Article
Language:Slovak
PhysicalDescription:Fotogr.
ISSN:1336-5932
Subjects:

MARC

LEADER 00000nab a2200000 a 4500
001 vtls009160937
003 SK-MaSNL
005 20260303220125.0
008 140515c2007 xo wr|p|||||||000 b|slo
015 |a SNBRB2007/11  |2 snkbucl 
040 |a SNKBUCL  |b slo  |c SNKBUCL  |e AACR2 
041 0 |a slo 
044 |a xo  |c SK 
080 |a 613.84:615.015.6  |2 2001 
080 |a 178.7  |2 2001 
080 |a 615.015.6:613.84  |2 2001 
080 |a 351.761.2  |2 2001 
100 1 |a Hanus, Martin,  |d 1977-  |4 aut  |9 103369 
245 1 0 |a Fajčiť zakázané!  |c Martin Hanus, Eva Čobejová 
300 |b Fotogr. 
650 0 7 |a fajčenie  |2 snkbucl  |9 2509 
650 0 7 |a boj proti fajčeniu  |2 snkbucl  |9 18631 
655 7 |a analýzy  |2 snkbucl  |9 22242 
700 1 |a Čobejová, Eva,  |d 1965-  |4 aut  |9 135492 
773 0 |t Týždeň  |g Roč. IV, č. 42 (2007), s. 14-15, 17, 19-20  |x 1336-5932 
852 |a SNK  |b KIS3GCP 
999 |c 2225260  |d 2227190